000 00666nam a2200205Ii 4500
003 JO-AjNU
008 230605s9999||||xx |||||||||||||| ||und||
040 _aJO-AjNU
_bara
_erda
_cJO-AjNU
041 _aara
050 1 4 _aHD9502.1989
100 3 _aوود،بول بلاك؛ ترجمة: جعفر خياط، محمد صادق رضا,
_eauthor
_934649
245 0 0 _aالطاقة وعناصرها الاساسية
250 _aط3
264 3 1 _aبغداد:دار الكتاب الحديث،1989
300 _a211ص
336 _atext
_btxt
_2rdacontent
337 _aunmediated
_bn
_2rdamedia
338 _avolume
_bnc
_2rdacarrier
650 4 _aالطاقة
_934650
999 _aA14228
_c17796
_d17796